• 首页
  • 本馆介绍
  • 公告通知
  • 最新文献
  • 馆藏检索
  • 电子资源
  • 读者导购
  • 参考咨询
  • 我的图书馆
  • 登录
  • 详细信息显示
  • 放入我的书架
  • 预约/预借图书
  • 作者相关作品
  • 分类相关作品
  • 丛书相关作品
  • 出版社相关作品

书目信息

  • 表格格式
  • 工作单格式
  • 卡片格式
题名:
怎样进行创造性思维
    
 
作者: 高桥浩 著 ;未申 , 王晶 译
分册:  
出版信息: 北京   科学普及出版社  1987
页数: 197页
开本: 19cm
丛书名: 效率译丛
单 册:
中图分类: B842.5
科图分类:
主题词: 言语--关系--思维 , 心理过程--思维
电子资源:
ISBN:
000 00820nam2 2200289 45
001 0187001534
005 20050323145000.9
010    @dCNY1.15
091    @a17051.1089
100    @a19900830d1987 emky0chiy0121 ea
101 1  @achi@cjpn
102    @aCN@b110000
105    @ay z 000yy
200 10 @a怎样进行创造性思维@Azen yang jin xing chuang zao xing si wei@f(日)高桥浩著@F(Ri)Gao Qiao Hao Zhu@g未申,王晶译
210    @a北京@c科学普及出版社@d1987
215    @a197页@d19cm
225 2  @a效率译丛
410  0 @120010@a效率译丛
606    @a言语@x关系@x思维
606 0  @a心理过程@x思维
690    @aB842.5@v3
701  0 @a高桥浩@4著
702  0 @a未申@Awei shen@4译
702  0 @a王晶@Awang jing@4译
801  0 @aCN@b深圳图书馆@c20040427
801  2 @aCN@bNLC@c20040427
905    @dB842.5@e156@f1@b171002
    
    怎样进行创造性思维/(日)高桥浩著/未申,王晶译.-北京:科学普及出版社,1987
    197页;19cm.-(效率译丛)
    
    
    ISBN :CNY1.15
    
●
相关链接 在E读中查询图书 在五车中查询图书 在当当中查询图书 在豆瓣中查询图书


正题名:怎样进行创造性思维     索取号:B842.5/156         预约/预借

序号 登录号 条形码 馆藏地/架位号 状态 备注
1 0171002   001987531   密集书库/ [索取号:B842.5/156] 在馆    
2 0171003   000525042   第一样本阅览室/ [索取号:B842.5/156] 在馆    
3 0171004   001763951   密集书库/ [索取号:B842.5/156] 在馆    
唐山师范学院图书馆 欢迎您!
大连网信软件有限公司© 版权所有